000 01927nam a2200289 a 4500
001 000000303
005 20240226140809.0
008 081128s2008 dr 000 0 spa d
020 _z9993461644
020 _z9789993461647
040 _aDO-SdBNP
_bspa
_cBNPHU
082 _a306.8
_bD919i, 2008
100 1 _aDunker L., José,
_d1943-
_91027
245 1 0 _aIguales y diferentes :
_bun estudio sobre cuestiones de género, matrimonio y familia /
_cJosé Dunker L. ; prólogo Bienvenida González de Ortíz.
250 _a2a. ed. revisada y corregida.
260 _aSanto Domingo :
_bBúho,
_c2008.
300 _a97 p. ;
_c22 cm.
504 _aBibliografía: p.95-97.
505 0 _aPrólogo /
_rBienvenida González Ortíz --
_tIntroducción --
_tFundamentos bíblicos-teológicos :
_tEl proyecto original de familia --
_tDel compañerismo a la polarización --
_tLa familia bajo Moisés --
_tEl matrimonio bajo Moisés --
_tCristo restaura el proyecto original --
_tIguales y diferentes en el matrimonio --
_tIguales en dones y ministerios --
_tDiferencia de roles --
_tValidación en las ciencias :
_tLas bases biológicas --
_tLas bases sociológicas --
_tLas bases psicológicas --
_tLas bases antropológicas --
_tSexo y temperamento en sociedades primitivas --
_tLas bases teológicas --
_tAplicaciones prácticas :
_tLa cuestión homosexual --
_t¿Quién manda en la casa? --
_tDios, ¿Padre o madre? --
_tBiblia y modelo sistémico-familiar --
_tPrioridad de la familia --
_t¿Machismo o feminismo? --
_tBibliografía.
590 _aInventariado, 2018/DG
650 4 _aMatrimonio
_xAspectos morales
_vENSAYOS, CONFERENCIAS, ETC.
_91028
650 4 _aFamilia
_vENSAYOS, CONFERENCIAS, ETC.
_91029
650 4 _aRoles (sociología)
_vENSAYOS, CONFERENCIAS, ETC.
_91030
650 4 _aSexo en el matrimonio
_vENSAYOS, CONFERENCIAS, ETC.
_91032
700 1 _aGonzález de Ortíz, Bienvenida,
_epról.
_91033
910 _aValidado. Control de calidad EMS
999 _c302
_d302